Las armas secretas y otros relatos / (Registro nro. 8811)

Detalles MARC
000 -LIDER
fixed length control field 00832nam a22002777a 4500
001 - NÚMERO DE CONTROL
Identificador de número de control 389313
003 - IDENTIFICACDOR DE NÚMERO DE CONTROL
control field DO-SdBNP
005 - DATE AND TIME OF LATEST TRANSACTION
control field 20180315114635.0
007 - CAMPOS FIJOS DE DESCRIPCIÓN FÍSICA
fixed length control field 389313
008 - ELEMENTOS DE LONGITUD FIJA
fixed length control field 931220s1993 sp | |||| ||spa
016 7# - NO. DE CONTROL DE LA AGENCIA BIB. NACIONAL
Source BPSMU
020 ## - ISBN
International Standard Book Number 8481300128
040 ## - FUENTE DE CATALOGACIÓN
Agencia que crea de manera original el registro BPSMU
Idioma de catalogación spa
Agencia que realiza la transcripción BPSMU
082 ## - NÚMERO DE CLASIFICACIÓN DECIMAL DE DEWEY
Edition number A863.6
100 1# - ASIENTO PRINCIPAL -- NOMBRE PERSONAL
Nombre personal Cortázar, Julio
Fechas asociadas con el nombre 1914-1984
245 14 - MENCIÓN DE TITULO
Título Las armas secretas y otros relatos /
Mención de responsabilidad Julio Cortázar
260 ## - PUBLICACIÓN, DISTRIBUCIÓN, ETC. (PIE DE IMPRENTA)
Lugar de publicación, distribución, etc Barcelona :
Nombre del editor, distribuidor, etc. Primera Plana,
Fecha de publicación, distribución, etc 1993
300 ## - DESCRIPCIÓN FÍSICA
Extensión 93 p.:
Dimensiones 21 cm.
490 ## - MENCIÓN DE SERIES
Mención de serie Grandes autores. Biblioteca de literatura universal
Volume/sequential designation 14
650 ## - ENCABEZAMIENTO DE MATERIA--TEMÁTICO
Fuente del encabezamiento o término CUENTOS ARGENTINOS.
650 ## - ENCABEZAMIENTO DE MATERIA--TEMÁTICO
Fuente del encabezamiento o término VIDA COTIDIANA
Subdivisión de forma CUENTOS
830 ## - ASIENTO SECUNDARIO DE SERIE--TÍTULO UNIFORME
Nombre de la parte o sección de una obra Grandes autores. Biblioteca de literatura universal
Volume number/sequential designation 14
942 ## - ADDED ENTRY ELEMENTS (KOHA)
Source of classification or shelving scheme Dewey Decimal Classification
Koha item type Libros
945 ## - INFORMACIÓN DE PROCESAMIENTO LOCAL
Información de procesamiento local inventariado, 2018 / dg
956 ## - LOCAL ELECTRONIC LOCATION AND ACCESS (OCLC)
Nombre de host VMATEO
Método de acceso 10
Materiales especificados 20151119
Enlace BPMSU
Campo enlazado y núm. de secuencia 00151
Existencias
Withdrawn status Lost status Source of classification or shelving scheme Damaged status Not for loan Home library Current library Date acquired Source of acquisition Total Checkouts Barcode Date last seen Price effective from Koha item type
    Dewey Decimal Classification     Biblioteca Pública Metropolitana Salomé Ureña Biblioteca Pública Metropolitana Salomé Ureña 11/19/2015 FUNDI   BPMSU18030062 11/19/2015 11/19/2015 Libros